| 000 -CABECERA |
| Longitud fija campo de control |
00911nam a22002297a 4500 |
| 003 - IDENTIFICADOR DEL NÚMERO DE CONTROL |
| Identificador del número de control |
OSt |
| 005 - FECHA Y HORA DE LA ÚLTIMA TRANSACCIÓN |
| Fecha y hora de la última transacción |
20151019134801.0 |
| 008 - CÓDIGOS DE INFORMACIÓN DE LONGITUD FIJA |
| Códigos de información de longitud fija |
130604s2006 sp ||||| |||| 00| 0 cat d |
| 020 ## - NÚMERO INTERNACIONAL NORMALIZADO PARA LIBROS |
| Número Internacional Normalizado para Libros (ISBN) |
8483303620 |
| 040 ## - FUENTE DE LA CATALOGACIÓN |
| Centro transcriptor |
CDMR |
| 100 1# - PUNTO DE ACCESO PRINCIPAL-NOMBRE DE PERSONA |
| 9 (RLIN) |
3659 |
| Nombre de persona |
Solé i Sabaté, Josep M. |
| 245 ## - MENCIÓN DE TÍTULO |
| Título |
Guerra i propaganda |
| Resto del título |
: fotografies del comissariat de Propaganda de la Generalitat de Catalunya (1936-1939) |
| Mención de responsabilidad, etc. |
textos de Josep M. Solé i Sabaté i Joan Villarroya |
| 260 ## - PUBLICACIÓN, DISTRIBUCIÓN, ETC. (PIE DE IMPRENTA) |
| Lugar de publicación, distribución, etc. |
Barcelona |
| Nombre del editor, distribuidor, etc. |
Viena Edicions |
| 260 ## - PUBLICACIÓN, DISTRIBUCIÓN, ETC. (PIE DE IMPRENTA) |
| Lugar de publicación, distribución, etc. |
Sant Cugat del Vallès (Barcelona) |
| Nombre del editor, distribuidor, etc. |
Arxiu Nacional de Catalunya |
| Fecha de publicación, distribución, etc. |
2006 (DL 2005) |
| 300 ## - DESCRIPCIÓN FÍSICA |
| Extensión |
268 p. |
| Otras características físicas |
il. fot. |
| 500 ## - NOTA GENERAL |
| Nota general |
Textos en català, castellà i anglès |
| 650 04 - PUNTO DE ACCESO ADICIONAL DE MATERIA - TÉRMINO DE MATERIA |
| 9 (RLIN) |
3177 |
| Término de materia o nombre geográfico como elemento inicial |
Propaganda |
| Subdivisión geográfica |
Catalunya |
| Subdivisión cronológica |
1936-1939 |
| 650 04 - PUNTO DE ACCESO ADICIONAL DE MATERIA - TÉRMINO DE MATERIA |
| 9 (RLIN) |
3196 |
| Término de materia o nombre geográfico como elemento inicial |
Espanya |
| Subdivisión de materia general |
Història |
| Subdivisión cronológica |
1936-1939, Guerra Civil |
| Subdivisión de forma |
Fotografia |
| 700 1# - PUNTO DE ACCESO ADICIONAL - NOMBRE DE PERSONA |
| 9 (RLIN) |
3660 |
| Nombre de persona |
Villarroya, Joan |
| 710 1# - PUNTO DE ACCESO ADICIONAL - NOMBRE DE ENTIDAD |
| 9 (RLIN) |
3661 |
| Nombre de entidad o nombre de jurisdicción como elemento inicial |
Catalunya |
| Unidad subordinada |
-- Comissariat de Propaganda |
| 942 ## - ENTRADA DE ELEMENTOS AGREGADOS (KOHA) |
| Fuente de clasificaión o esquema |
|
| Koha [por defecto] tipo de item |
Monografies |